000
00252nam a2200121Ia 4500
100
_a
Bhola/ Bhola
942
_c
BK
654
_a
Calculus
245
_a
Integral Calculus II
260
_b
Campus Publications
_c
2001
300
_a
432
546
_a
ENGLISH
999
_c
31218
_d
31218